Statistics for Countries That Never Gained Independence

Click here to take the quiz!

General Stats

  • This quiz has been taken 74 times
  • The average score is 21 of 30

Answer Stats

Answer% Correct
United Kingdom
88%
Denmark
85%
Sweden
85%
France
83%
Germany
82%
Japan
82%
Spain
82%
China
78%
Italy
78%
Serbia
75%
Ethiopia
74%
Portugal
74%
Bosnia and Herzegovina
71%
Norway
71%
Liechtenstein
69%
Slovenia
69%
Macedonia
68%
San Marino
68%
Switzerland
68%
Croatia
66%
Hungary
65%
Czech Republic
60%
Nepal
60%
Saudi Arabia
60%
Thailand
60%
Monaco
57%
Oman
57%
Slovakia
57%
Poland
54%
Yemen
52%

Score Distribution

Percentile by Number Answered

Percent of People with Each Score

Your Score History

You have not taken this quiz